000 00444nam a2200169Ia 4500
008 230711s9999||||xx |||||||||||||| ||und||
020 _a978-1-4398-5053-4
041 _aENG
082 _a536.6
_bHO-S
100 _aHoch, Michael J.R
245 0 _aStatistical and thermal Physics : an introduction
250 _a1st . Ed.
260 _c2014
_aNew York
_bCRC Press Taylor & Francis Group
300 _a423p.
650 _aPhysics
942 _cBK
999 _c5789
_d5789